| 000 | 00636nam a22002057a 4500 | ||
|---|---|---|---|
| 003 | OSt | ||
| 005 | 20170425200756.0 | ||
| 008 | 151103b xxu||||| |||| 00| 0 eng d | ||
| 020 | _a0333990153 | ||
| 040 | _cDDC | ||
| 082 |
_a658.3; _bHAR,2004; |
||
| 100 |
_aHarrison,RoseMary; Kessels,Joseph. _95956 |
||
| 245 | _aHuman Resource Development in aknowledge economy: an organizational view | ||
| 260 |
_aChina; _bPalgrave macmillian, _c2004 |
||
| 300 |
_axviii,301; _bill; _c32cm |
||
| 504 | _aincludes appendices, references &index | ||
| 650 |
_aHuman Resource _95954 |
||
| 650 |
_aOrganizational behaviour _912119 |
||
| 942 |
_2ddc _cSLOAN |
||
| 999 |
_c2392 _d2392 |
||